Following the Nereids : sea routes and maritime business, 16th-20th centuries
Αποθηκεύτηκε σε:
| Κύριος συγγραφέας: | |
|---|---|
| Άλλοι συγγραφείς: | |
| Μορφή: | Βιβλίο |
| Γλώσσα: | English |
| Δημοσίευση: |
Athens :
Kerkyra Publications,
c2006
|
| Θέματα: | |
| Ετικέτες: |
Προσθήκη ετικέτας
Δεν υπάρχουν, Καταχωρήστε ετικέτα πρώτοι!
|
MARC
| LEADER | 00000cam a2200000 i 4500 | ||
|---|---|---|---|
| 001 | 1/50352 | ||
| 008 | 070802s2006 eng d | ||
| 020 | |a 960-8386-40-3 | ||
| 035 | |l 10089435 | ||
| 040 | |a GR-MY-UA |b gre |e aacr | ||
| 041 | 0 | |a eng | |
| 082 | 0 | |a 387.509495 |2 (22) | |
| 100 | 1 | |a Χατζηιωάννου, Μαρία Χριστίνα, |d 1955- | |
| 245 | 1 | 0 | |a Following the Nereids : |b sea routes and maritime business, 16th-20th centuries / |c Maria Christina Chatziioannou; Gelina Harlaftis ; sponsors: National Bank of Greece; Hellenic Petroleum |
| 260 | |a Athens : |b Kerkyra Publications, |c c2006 | ||
| 300 | |a 275σ.; |b διαγ., έγχρ. εικ.; |c 28εκ. | ||
| 504 | |a Περιλαμβάνει βιβλιογραφικές αναφορές. Ευρετήριο: σ. 269-275 | ||
| 650 | 0 | 0 | |a Merchant marine |z Greece |x History. |
| 650 | 0 | 0 | |a Shipowners |z Greece |x History. |
| 651 | 0 | |a Greece |x Economic conditions |y 16th century. | |
| 651 | 0 | |a Greece |x Economic conditions |y 20th century. | |
| 700 | 1 | |a Χαρλαύτη, Τζελίνα, |d 1958- | |
| 852 | |a INST |b CHIOS |e 20070802 |h 387.509495 XAT |p 005200025716 |q 005200025716 |t BK |y 0 | ||
| 852 | |a INST |b CHIOS |e 20100520 |h 387.509495 XAT |p 005200032634 |q 005200032634 |t BK |y 0 | ||
| 901 | |a BIBL2-2007-2 | ||
| 901 | |a BIBL2-2010-2 | ||
| 922 | |a 2ΕΛΗ |b 200707 |c ΕΠΕΑΕΚ2/ΤΝΕΥ |d ΕΛΕΥΘΕΡΟΥΔΑΚΗΣ | ||
| 970 | |a ΣΑΛΑΜΟΥΡΑ |b ΜΑΡΙΑ |z 2010/05/20 | ||